| 000 | 01077nam a2200301 i 4500 | ||
|---|---|---|---|
| 001 | 193646 | ||
| 003 | ES-MaACL | ||
| 005 | 20250829063133.0 | ||
| 007 | ta | ||
| 008 | 240201s1904 sp | |||| 000 spa | ||
| 040 | _aEs-MaACL | ||
| 245 | 0 | 0 | _aSilvela en el Ateneo |
| 246 | 1 | _aHistoria de la ética en España | |
| 264 | 1 |
_a[Madrid] : _bEl Gráfico, _c1904 |
|
| 300 |
_a1 página ; _c42 cm |
||
| 336 |
_aTexto _2rdacontent |
||
| 337 |
_asin mediación _2rdamedia |
||
| 338 |
_avolumen _2rdacarrier |
||
| 500 | _aFotocopia del artículo sobre la conferencia "Historia de la ética en España", dada por Francisco Silvela en el Ateneo de Madrid, publicado en el periódico "El Gráfico", 8 de noviembre de 1904 | ||
| 600 | 1 | 4 |
_aSilvela, Francisco, _d1845-1905 _9106425 |
| 610 | 2 | 4 |
_aAteneo de Madrid- _vConferencias- _y1900-1939 _91907 |
| 650 | 4 |
_aÉtica- _zEspaña _9241601 |
|
| 655 | 4 |
_aArtículos _9175745 |
|
| 852 | 4 |
_aES-MaACL _cDEPOF _j2347-F-21 _9201156 |
|
| 942 |
_2udc _cART_PRENSA _n0 |
||
| 999 |
_c193646 _d193646 |
||